Faculty of Law Library — Cairo University

Official Online Catalog

التليفزيون المباشر عبر الأقمار الصناعية : (Record no. 63877)

MARC details
000 -LEADER
fixed length control field 01057nam a2200313 i 4500
003 - CONTROL NUMBER IDENTIFIER
control field EG-GICUC
005 - DATE AND TIME OF LATEST TRANSACTION
control field 20260219212913.0
008 - FIXED-LENGTH DATA ELEMENTS--GENERAL INFORMATION
fixed length control field 260219s1992 ua ||||fr ||| 00| 0 ara d
017 ## - COPYRIGHT OR LEGAL DEPOSIT NUMBER
Copyright or legal deposit number 1991/7140
020 ## - INTERNATIONAL STANDARD BOOK NUMBER
International Standard Book Number 1770407143
040 ## - CATALOGING SOURCE
Original cataloging agency EG-GICUC
Transcribing agency EG-GICUC
Modifying agency EG-GICUC
Description conventions rda
Language of cataloging ara
041 0# - LANGUAGE CODE
Language code of text/sound track or separate title ara
082 04 - DEWEY DECIMAL CLASSIFICATION NUMBER
Edition number 21
Classification number 341.47
Item number ع ص . ت
092 04 - LOCALLY ASSIGNED DEWEY CALL NUMBER (OCLC)
Edition number 21
099 ## - LOCAL FREE-TEXT CALL NUMBER (OCLC)
Classification number Law1 11 341.47 ع ص . ت 1992
100 0# - MAIN ENTRY--PERSONAL NAME
Personal name عصام زناتي
Relator term مؤلف.
245 12 - TITLE STATEMENT
Title التليفزيون المباشر عبر الأقمار الصناعية :
Remainder of title دراسة قانونية /
Statement of responsibility, etc. عصام زناتي .
264 #0 - PRODUCTION, PUBLICATION, DISTRIBUTION, MANUFACTURE, AND COPYRIGHT NOTICE
Place of production, publication, distribution, manufacture مصر :
Date of production, publication, distribution, manufacture, or copyright notice 1992 .
300 ## - PHYSICAL DESCRIPTION
Extent 154 صفحة ؛
Dimensions 30 سم.
336 ## - CONTENT TYPE
Content type term text
Source rda content
337 ## - MEDIA TYPE
Media type term Computer
Source rda media
338 ## - CARRIER TYPE
Carrier type term Online Resource
Source rda carrier
546 ## - LANGUAGE NOTE
Language note النص باللغة العربية
650 04 - SUBJECT ADDED ENTRY--TOPICAL TERM
Topical term or geographic name entry element القانون الدولي العام
650 04 - SUBJECT ADDED ENTRY--TOPICAL TERM
Topical term or geographic name entry element القانون الكوني الدولي
856 ## - ELECTRONIC LOCATION AND ACCESS
Uniform Resource Identifier <a href="https://fll.law.cu.edu.eg/fulltext/th/B11-07699.pdf">https://fll.law.cu.edu.eg/fulltext/th/B11-07699.pdf</a>
905 ## - Cataloger and Reviser Names
Cataloger Name: Logain Ashraf
942 ## - ADDED ENTRY ELEMENTS (KOHA)
Source of classification or shelving scheme Dewey Decimal Classification
Koha item type Books
Edition 21
Suppress in OPAC No
Holdings
Withdrawn status Lost status Source of classification or shelving scheme Damaged status Not for loan Collection Home library Current library Date acquired Source of acquisition Total checkouts Full call number Barcode Date last seen Copy number Price effective from Koha item type
    Dewey Decimal Classification   Not for loan القانون الدولي العام جــــامعة القــاهرة مكتبة كلية الحقوق - المبنى الرئيسي 19.02.2026 إهداء مكتبة الأستاذ الدكتور صلاح عامر   Law1 11 341.47 ع ص . ت 1107699 1992 C1 B11-07699 19.02.2026 1 19.02.2026 Books

© All rights reserved — Faculty of Law, Cairo University